Quiz geograficzny - zaznaczanie pól - Statystyki

Ogólne statystyki
  • Ten quiz został rozwiązany 9 479 razy
    9 473 od ostatniego zresetowania
  • Średni wynik to 57 z 68
Statystyki odpowiedzi
Zagadnienie Komórka Select % Poprawnych
stolice w Europie Londyn Tak
99%
stolice w Europie Paryż Tak
99%
stolice w Europie Praga Tak
99%
stolice w Europie Saratów Nie
99%
stolice w Europie Kijów Tak
98%
stolice w Europie Kopenhaga Tak
98%
stolice w Europie Odessa Nie
98%
stolice w Europie Walencja Nie
98%
stolice w Europie Moskwa Tak
97%
stolice w Europie Oslo Tak
97%
stolice w Europie Dublin Tak
96%
stolice w Europie Frankfurt Nie
96%
stany USA Kuba Nie
95%
stolice w Europie Mediolan Nie
95%
stany USA Alaska Tak
94%
stany USA Guam Nie
94%
państwa, których flagi posiadają czerwony Japonia Tak
91%
stany USA Alabama Tak
90%
państwa, których flagi posiadają czerwony Irlandia Nie
90%
państwa, których flagi posiadają czerwony Urugwaj Nie
90%
stolice w Europie Barcelona Nie
89%
państwa, których flagi posiadają czerwony Nigeria Nie
89%
stany USA Portoryko Nie
89%
państwa, których flagi posiadają czerwony Szwajcaria Tak
89%
stolice w Europie Lublana Tak
88%
stany USA Oklahoma Tak
88%
państwa, których flagi posiadają czerwony Bośnia i Hercegowina Nie
87%
stany USA Indiana Tak
87%
państwa, których flagi posiadają czerwony Indie Nie
87%
państwa, których flagi posiadają czerwony Somalia Nie
87%
stolice w Europie Belgrad Tak
86%
stany USA Hawaje Tak
86%
państwa nad Morzem Karaibskim Jamajka Tak
86%
państwa, których flagi posiadają czerwony Włochy Tak
86%
chińskie miasta Wuhan Tak
86%
państwa nad Morzem Karaibskim Haiti Tak
85%
stany USA Missisipi Tak
85%
państwa nad Morzem Karaibskim Republika Zielonego Przylądka Nie
85%
państwa nad Morzem Karaibskim Nauru Nie
84%
stany USA Wyoming Tak
83%
państwa nad Morzem Karaibskim Komory Nie
82%
stany USA Los Angeles Nie
82%
państwa nad Morzem Karaibskim Palau Nie
82%
państwa, których flagi posiadają czerwony Belgia Tak
81%
państwa nad Morzem Karaibskim Seszele Nie
81%
państwa nad Morzem Karaibskim Antigua i Barbuda Tak
80%
chińskie miasta Ansan Nie
79%
stany USA Arkansas Tak
79%
chińskie miasta Bangkok Nie
79%
państwa nad Morzem Karaibskim Saint Lucia Tak
78%
państwa nad Morzem Karaibskim Saint Vincent i Grenadyny Tak
78%
państwa, których flagi posiadają czerwony Tanzania Nie
78%
państwa nad Morzem Karaibskim Wyspy Świętego Tomasza i Książęca Nie
78%
chińskie miasta Xi'an Tak
77%
stany USA Iowa Tak
76%
państwa, których flagi posiadają czerwony Bułgaria Tak
75%
państwa, których flagi posiadają czerwony Holandia Tak
73%
państwa, których flagi posiadają czerwony Nowa Zelandia Tak
73%
państwa nad Morzem Karaibskim Grenada Tak
72%
stany USA Miami Nie
72%
chińskie miasta Xiamen Tak
72%
państwa, których flagi posiadają czerwony Papua-Nowa Gwinea Tak
69%
państwa, których flagi posiadają czerwony Kamerun Tak
61%
chińskie miasta Danang Nie
60%
chińskie miasta Kanton Tak
51%
chińskie miasta Shantou Tak
49%
stany USA Waszyngton, Dystrykt Kolumbii Nie
47%
chińskie miasta Changwon Nie
41%
Nie znaleziono quizów pasujących do podanych kryteriów
Rozkład punktacji
Procent ludzi z każdym wynikiem
Percentyl według liczby udzielonych odpowiedzi
Twoja historia wyników
Nie rozwiązałeś tego quizu od ostatniego zresetowania